| 000 | 00772nam a22002412 4500 | ||
|---|---|---|---|
| 001 | 75906 | ||
| 003 | BD-RjUL | ||
| 005 | 20211209082748.0 | ||
| 008 | 190909t19661938mau b 001 0 eng d | ||
| 035 | _aOCLC ocm05378908 from D970418M | ||
| 035 | _a(BD-RjUL)76125 | ||
| 040 |
_aGQG _cGQG _dEQO _dBD-RjUL _beng |
||
| 041 | _aeng | ||
| 082 |
_223 _a658.4 _bBAF 1966 |
||
| 100 | 1 |
_aBarnard, Chester I., _d1886-1961. _9232862 |
|
| 245 | 1 | 4 |
_aThe functions of the executive / _cby Chester I. Barnard. |
| 260 |
_aCambridge, Mass. : _bHarvard University Press, _cc1966, c1938 [printing 1956] |
||
| 300 |
_axvi, 334 p. ; _c23 cm. |
||
| 504 | _aIncludes bibliographical references and index. | ||
| 650 | 0 |
_aExecutives. _9232863 |
|
| 650 | 0 |
_aManagement. _9232864 |
|
| 942 |
_2ddc _cBK |
||
| 999 |
_c75906 _d75906 |
||